000 00790nam a2200241Ia 4500
003 OSt
005 20220923225509.0
006 a|||||r|||| 00| 0
007 ta
008 220922b |||||||| |||| 00| 0 hin d
024 _a269,431
037 _cTextual
040 _aARTS
_cARTS
_bhin
041 _2hin
_ahin
082 _aQ3:35, 152K6
100 _aटोडरमल
245 0 _aमोक्षमार्ग प्रकाशक
246 _aMokṣhamārga prakāshaka
260 _aसोनगढ़़
_b श्री दि0 जैन स्वाध्यायमन्दिर ट्रस्ट
_c1966
650 _aज्ैन् ध्ज्ञमर््
942 _hQ3:35, 152K6
_cTEXL
_2CC
999 _c378620
_d378620